Změny a ekonomická adaptace.

Zmeny v národnom hospodárstve ČR po rozdelení štátu a meny. Zníženie vzájomného obchodu medzi ČR a SR. Potreba zahraničného kapitálu vo forme pôžičiek a priamych zahraničných investícií. Koncentrácia na prestavbu priemyselnej základne, rozvoj miestnych kapitálových trhov a priame zahraničné investíc...

Full description

Saved in:
Bibliographic Details
Main Author: Swoboda, K.
Format: Book Chapter
Language:Czech
Subjects:
Tags: Add Tag
No Tags, Be the first to tag this record!

MARC

LEADER 00000naa a2200000 4500
001 r011994
005 20220826093610.7
041 0 |a cze 
044 |a CZ 
245 1 0 |a Změny a ekonomická adaptace.  |c K. Swoboda 
520 |a Zmeny v národnom hospodárstve ČR po rozdelení štátu a meny. Zníženie vzájomného obchodu medzi ČR a SR. Potreba zahraničného kapitálu vo forme pôžičiek a priamych zahraničných investícií. Koncentrácia na prestavbu priemyselnej základne, rozvoj miestnych kapitálových trhov a priame zahraničné investície. 
610 2 0 |a zmeny štruktúrne 
610 2 0 |a Čechy 
610 2 0 |a Slovensko 
610 2 0 |a obchod výmenný 
610 2 0 |a kapitál zahraničný 
610 2 0 |a štruktúra ekonomická 
100 1 |a Swoboda, K.